The Eucharistic words of Jesus / (Record no. 9326)

MARC details
000 -LEADER
fixed length control field 01308pam a2200325 a 4500
001 - CONTROL NUMBER
control field 4362745
003 - CONTROL NUMBER IDENTIFIER
control field GBCCL
005 - DATE AND TIME OF LATEST TRANSACTION
control field 20241126110709.0
008 - FIXED-LENGTH DATA ELEMENTS--GENERAL INFORMATION
fixed length control field 900703r19901966enk b 001 0 eng
010 ## -
-- 90042633
020 ## - INTERNATIONAL STANDARD BOOK NUMBER
International Standard Book Number 0334004144 :
Terms of availability $15.95
040 ## - CATALOGING SOURCE
Original cataloging agency DLC
Transcribing agency DLC
Modifying agency DLC
041 1# -
-- eng
-- ger
050 00 -
-- BT420
-- .J415 1990
082 00 - DEWEY DECIMAL CLASSIFICATION NUMBER
Classification number 232.957
Edition information 20
Item number JER
100 1# - MAIN ENTRY--PERSONAL NAME
Personal name Jeremias, Joachim,
Dates associated with a name 1900-
9 (RLIN) 16252
240 10 -
-- Abendmahlsworte Jesu.
-- English
245 14 - TITLE STATEMENT
Title The Eucharistic words of Jesus /
Statement of responsibility, etc. Joachim Jeremias ; [translated by Norman Perrin].
260 ## - PUBLICATION, DISTRIBUTION, ETC.
Place of publication, distribution, etc. London :
Name of publisher, distributor, etc. SCM Press Ltd. ;
Place of publication, distribution, etc. Philadelphia :
Name of publisher, distributor, etc. Trinity Press International,
Date of publication, distribution, etc. 1990.
300 ## - PHYSICAL DESCRIPTION
Extent 278 p. ;
Dimensions 22 cm.
500 ## - GENERAL NOTE
General note Translation of: Die Abendmahlsworte Jesu. 3rd ed., 1960, with the author's revisions to July 1964.
500 ## - GENERAL NOTE
General note Reprint. Previously published: London : SCM Press, 1966.
504 ## - BIBLIOGRAPHY, ETC. NOTE
Bibliography, etc. note Includes bibliographical references and indexes.
650 #0 - SUBJECT ADDED ENTRY--TOPICAL TERM
Topical term or geographic name entry element Last Supper.
9 (RLIN) 16253
700 1# - ADDED ENTRY--PERSONAL NAME
Personal name Perrin, Norman.
9 (RLIN) 16254
856 42 - ELECTRONIC LOCATION AND ACCESS
Materials specified Publisher description
Uniform Resource Identifier <a href="http://www.loc.gov/catdir/enhancements/fy1513/90042633-d.html">http://www.loc.gov/catdir/enhancements/fy1513/90042633-d.html</a>
906 ## - LOCAL DATA ELEMENT F, LDF (RLIN)
a 7
b cbc
c orignew
d 1
e ocip
f 19
g y-gencatlg
942 ## - ADDED ENTRY ELEMENTS (KOHA)
Source of classification or shelving scheme Dewey Decimal Classification
Koha item type Books
Holdings
Withdrawn status Lost status Source of classification or shelving scheme Damaged status Not for loan Home library Current Library Shelving location Date acquired Total checkouts Full call number Barcode Date last seen Copy number Price effective from Koha item type
    Dewey Decimal Classification     GRACE BIBLE COLLEGE GRACE BIBLE COLLEGE Theology 2022-10-07   232.957 JER 015802 2025-05-01 c.1 2022-10-07 Books
© Grace Bible College Library 2025